00457nam a22001457a 450000500170000000800410001702000150005804100130007308200130008610000330009924500720013226000540020430000280025865000250028620231130070510.0231130b |||||||| |||| 00| 0 eng d a0869849131 aEnglish  a340 VAN  aVan der Merwe, FE lEnglish  aNotariele Praktyd : b'n Praktiese Handleiding /cFE Van der Merwe  aPretoria : bDigma Publikasies (Edms) Bpk, c1989 bx, 384 pages ;c26 cm.  aLegal practice bLaw